2015年4月29日の読売ジャイアンツスタメン - Statistics

General Stats
  • This quiz has been taken 39 times
  • The average score is 5 of 9
Answer Stats
Hint Answer % Correct
8 小林誠司
81%
9 菅野智之
81%
7 村田修一
68%
5 アンダーソン
61%
4 中井大介
58%
2 片岡治大
52%
3 橋本到
48%
1 金城龍彦
42%
6 井端弘和
32%
No matching quizzes found
Score Distribution
Percent of People with Each Score
Percentile by Number Answered
Your Score History
You have not taken this quiz